000 00279nam a2200121Ia 4500
008 190216s9999||||xx |||||||||||||| ||und||
100 _aHenrik Ibsen
245 0 _aJanasatru
260 _bAnjali Publications
_c1989
300 _a171p
650 _aMalayalam Nadakam
942 _cBK
999 _c26462
_d26462